Curso de derecho matrimonial y procesal canónico para profesionales del foro
Gespeichert in:
| Format: | Buch |
|---|---|
| Sprache: | Spanisch |
| Veröffentlicht: |
Salamanca
Universidad Pontificia de Salamanca
1996
|
| Schriftenreihe: | Bibliotheca Salmanticensis, 182
|
| Schlagworte: | |
| Tags: |
Tag hinzufügen
Keine Tags, Fügen Sie den ersten Tag hinzu!
|
MARC
| LEADER | 00000nam a2200000 a 4500 | ||
|---|---|---|---|
| 001 | UCM3366 | ||
| 003 | CL-VaPUC | ||
| 005 | 20210105001231.0 | ||
| 008 | 020705e19960000sp 1 spa d | ||
| 082 | 0 | 4 | |a 262.933 |b CUR |2 21 |
| 245 | 1 | 0 | |a Curso de derecho matrimonial y procesal canónico para profesionales del foro |
| 260 | |a Salamanca |b Universidad Pontificia de Salamanca |c 1996 | ||
| 300 | |a v | ||
| 490 | 0 | |a Bibliotheca Salmanticensis, 182 | |
| 583 | |a last modification |c 20190822 01:17:10 |k Rodrigo Vera | ||
| 650 | 0 | 7 | |a DERECHO CANONICO |2 CL-VaPUC |9 620151 |
| 650 | 0 | 7 | |a MATRIMONIO |2 CL-VaPUC |9 620152 |
| 650 | 0 | 0 | |a Sacramentos |9 257270 |
| 650 | 0 | 7 | |a NULIDAD DEL MATRIMONIO |2 CL-VaPUC |9 620153 |
| 650 | 0 | 7 | |a IMPEDIMENTOS DE MATRIMONIO |2 CL-VaPUC |9 258751 |
| 942 | |c BK | ||
| 945 | |a cmena |d 20020705 00:00:00 | ||
| 546 | |a En Español | ||
| 536 | |a Universidad Pontificia de Salamanca | ||
| 518 | |p Simposio Nacional para Miembros de Tribunales Eclesiásticos, 13, Salamanca, 1996 | ||
| 999 | |c 383785 |d 383783 | ||
| 952 | |0 0 |1 0 |4 0 |6 262_933000000000000_CUR_1996 |7 0 |8 A |9 506045 |a BIBDER |b BIBDER |d 2020-01-23 |h v.12 |i 3822893 |o 262.933 CUR 1996 |p 3822893 |r 2023-01-25 |w 2020-01-23 |y BK |k DER | ||
| 952 | |0 0 |1 0 |4 0 |6 262_933000000000000_CUR_1996 |7 0 |8 A |9 506046 |a BIBDER |b BIBDER |d 2020-01-23 |h v.12 |i 3436284 |o 262.933 CUR 1996 |p 3436284 |r 2023-01-25 |w 2020-01-23 |y BK |k DER | ||